| 000 | 00945nam a22002897a 4500 | ||
|---|---|---|---|
| 003 | CHAP | ||
| 005 | 20220817042130.0 | ||
| 008 | 971013s1979 r 00010 d | ||
| 010 | _a35639 | ||
| 011 | _a36611 | ||
| 035 | _a40730 | ||
| 040 | _cCHAP | ||
| 090 | _aFolleto 10 | ||
| 110 |
_aMéxico. Secretaría de Energía, Minas e Industria Paraestatal _977174 |
||
| 245 | _aInforme sobre los sistemas abiertos en la educación superior en México | ||
| 260 |
_a(s.l.) : _bs.e., _c1979 |
||
| 300 |
_a49 p. _b; apénd. ; gráfs |
||
| 590 |
_aBATCH-UPD _b10 _c20130110 _lUCH01 _h1927 |
||
| 590 |
_aBATCH-UPD _b10 _c20130410 _lUCH01 _h1252 |
||
| 590 |
_aBATCH-UPD _b10 _c20130914 _lUCH01 _h1245 |
||
| 590 |
_aCONVERSION _b10 _c20130109 _lUCH01 _h1320 |
||
| 650 | 1 | 4 | _aEducación superior. |
| 901 | _aBK | ||
| 942 | _cFOLL | ||
| 949 |
_aFolleto 10 _bBC _cFOLL _d-93119 _eTS1 _i40730 _mD _si |
||
| 949 |
_aFolleto 10 _bBC _cFOLL _d-93120 _eTS2 _fc.2 _i40730 _mD _si |
||
| 999 |
_c35639 _d35639 |
||